书目信息 |
| 题名: |
古书中的成都
|
|
| 作者: | 林赶秋 著 | |
| 分册: | ||
| 出版信息: | 成都 成都时代出版社 2019.11 |
|
| 页数: | 243页 | |
| 开本: | 21cm | |
| 丛书名: | 天府文化书系 | |
| 单 册: | ||
| 中图分类: | K297.11 | |
| 科图分类: | ||
| 主题词: | ||
| 电子资源: | ||
| ISBN: | 978-7-5464-2521-4 | |
| 000 | 01042nam0 2200253 450 | |
| 001 | 2331739993 | |
| 005 | 20231125084909.07 | |
| 010 | @a978-7-5464-2521-4@dCNY45.00 | |
| 100 | @a20200421d2019 em y0chiy50 ea | |
| 101 | 0 | @achi |
| 102 | @aCN@b510000 | |
| 105 | @ay z 000yy | |
| 200 | 1 | @a古书中的成都@Agu shu zhong de cheng du@f林赶秋著 |
| 210 | @a成都@c成都时代出版社@d2019.11 | |
| 215 | @a243页@d21cm | |
| 225 | 2 | @a天府文化书系@Atian fu wen hua shu xi |
| 314 | @a林赶秋, 青年学者, 成都文学院签约作家。 | |
| 330 | @a本书通过梳理、研读古文原典内的相关记载, 对先秦至清代的成都城史及天府文化作了深入浅出的重构, 不生造, 不戏说, 有料有趣, 有述有作。相对市场上已有的成都史籍而言, 此编所收文章大多已由《四川经济日报》《成都晚报》等纸媒用全版隆重首发, 受众不少, 影响不小, 且含有若干独家叙事和一得之见, 可谓兼具文学兴味与学术价值。 | |
| 410 | 0 | @12001 @a天府文化书系 |
| 607 | @a成都@Acheng du@x地方史@z古代 | |
| 690 | @aK297.11@v5 | |
| 701 | 0 | @a林赶秋@Alin gan qiu@4著 |
| 801 | @aCN@b山东中教@c20231121 | |
| 905 | @aBZT@dK297.11@e5 | |
| 古书中的成都/林赶秋著.-成都:成都时代出版社,2019.11 |
| 243页;21cm.-(天府文化书系) |
| ISBN 978-7-5464-2521-4:CNY45.00 |
| 本书通过梳理、研读古文原典内的相关记载, 对先秦至清代的成都城史及天府文化作了深入浅出的重构, 不生造, 不戏说, 有料有趣, 有述有作。相对市场上已有的成都史籍而言, 此编所收文章大多已由《四川经济日报》《成都晚报》等纸媒用全版隆重首发, 受众不少, 影响不小, 且含有若干独家叙事和一得之见, 可谓兼具文学兴味与学术价值。 |
| ● |
| 相关链接 |
|
|
|
正题名:古书中的成都
索取号:K297.11/5
 
预约/预借
| 序号 | 登录号 | 条形码 | 馆藏地/架位号 | 状态 | 备注 |
| 1 | 2001048533 | 2001048533 | 中教第一批/山东中教(第一批)/687/ [索取号:K297.11/5] | 在馆 | |
| 2 | 2001048534 | 2001048534 | 中教第一批/山东中教(第一批)/687/ [索取号:K297.11/5] | 在馆 |